00191nam a2200085Ia 4500008004100000100001500041245002900056260001100085260000900096170617s9999 xx 000 0 und d aNEERJA K P 0aT.B OF Nursing education bJaypee c2009